|
|
|
|
| LEADER |
00000nam0a2200000 4500 |
| 001 |
374406 |
| 005 |
20231102012640.0 |
| 010 |
|
|
|a 571330132X
|
| 035 |
|
|
|a (RuTPU)RU\TPU\retro\31840
|
| 035 |
|
|
|a RU\TPU\book\271324
|
| 090 |
|
|
|a 374406
|
| 100 |
|
|
|a 20221219d1987 k y0rusy50 ca
|
| 101 |
0 |
|
|a rus
|
| 102 |
|
|
|a RU
|
| 105 |
|
|
|a y z 000zy
|
| 200 |
1 |
|
|a Вопросы исследования теории динамического прогноза в экономических задачах кибернетики
|f Б. В. Суворов [и др.]
|
| 210 |
|
|
|a Саратов
|c Изд-во Саратовского ун-та
|d 1987
|
| 215 |
|
|
|a 184 с.
|
| 606 |
1 |
|
|a Кибернетика прикладная
|2 stltpush
|3 (RuTPU)RU\TPU\subj\39476
|9 59555
|
| 610 |
1 |
|
|a прогнозирование
|
| 610 |
1 |
|
|a динамические процессы
|
| 610 |
1 |
|
|a экономические задачи
|
| 610 |
1 |
|
|a динамические системы
|
| 675 |
|
|
|a 681.51
|v 3
|
| 701 |
|
1 |
|a Суворов
|b Б. В.
|g Борис Васильевич
|
| 701 |
|
1 |
|a Резников
|b К. М.
|g Константин Михайлович
|
| 701 |
|
1 |
|a Крошнев
|b А. Ф.
|g Александр Федорович
|
| 701 |
|
1 |
|a Куприянов
|b В. В.
|g Вячеслав Васильевич
|
| 801 |
|
1 |
|a RU
|b 63413507
|c 20140110
|
| 801 |
|
2 |
|a RU
|b 63413507
|c 20221219
|g RCR
|
| 942 |
|
|
|c BK
|